|
|
|
|
| LEADER |
00000nab a2200000 a 4500 |
| 001 |
vtls000365890 |
| 003 |
SK-MaSNL |
| 005 |
20260305003747.0 |
| 008 |
250424c1989 xo 0 slo |
| 015 |
|
|
|a SNBRB19rr/mm-uuuuu
|
| 035 |
|
|
|a CL0366012
|
| 035 |
|
|
|a urn:nbn:sk:snk-ab1vfc
|
| 035 |
|
|
|a (urnnbn)urn:nbn:sk:snk:ar-a011kj
|
| 035 |
|
|
|a (uuid)c1ee19f7-a56c-4a46-a971-638f6d198ae7
|
| 040 |
|
|
|a SNKBUCL
|b slo
|c SNKBUCL
|e AACR2
|
| 041 |
0 |
|
|a slo
|
| 044 |
|
|
|a xo
|c SK
|
| 080 |
|
|
|a 398.8:398.332.41
|2 1981
|
| 080 |
|
|
|a 398.332.41
|2 1981
|
| 080 |
|
|
|a 784.4
|2 1981
|
| 100 |
1 |
|
|a Elscheková, Alica,
|d 1930-
|4 aut
|9 89405
|
| 245 |
1 |
0 |
|a Vianočné zvykoslovie a hudba
|c Alica Elscheková
|
| 300 |
|
|
|b Obr. 1.
|
| 650 |
0 |
7 |
|a Vianoce (etn.)
|2 snkbucl
|9 961629
|
| 650 |
0 |
7 |
|a folklór obradový
|2 snkbucl
|9 960683
|
| 650 |
0 |
7 |
|a ľudová hudba
|2 snkbucl
|9 3183
|
| 655 |
|
7 |
|a články z novín a časopisov
|2 snkbucl
|9 267496
|
| 773 |
0 |
|
|t Hudobný život
|g Roč. 21, č. 26 (1989), s. 11
|
| 850 |
|
|
|a Slovenská národná knižnica
|
| 852 |
|
|
|a Slovenská národná knižnica
|
| 954 |
|
|
|a odborná, vedecká literatúra pôvodná (slovenská)
|2 lita
|
| 958 |
|
|
|a article27
|
| 958 |
|
|
|a OND
|
| 958 |
|
|
|a RK
|
| 958 |
|
|
|a EUIPO
|
| 992 |
|
|
|a RBX
|
| 999 |
|
|
|c 3232159
|d 3234089
|